Villes d'Allemagne les plus peuplées. - Statistiques

Statistiques générales
  • Ce quiz a été pris 64 fois
  • Le résultat moyen est 22 sur 50
Statistiques - réponses
HINT HINT ANSWER % Correct
B Berlin Berlin
100%
H Hambourg Hambourg
100%
M Bavière Munich
96%
C Rhénanie-du-Nord-Westphalie Cologne
93%
D Rhénanie-du-Nord-Westphalie Dortmund
91%
F Hesse Francfort-sur-le-Main
91%
L Saxe Leipzig
91%
B Brême Brême
82%
D Rhénanie-du-Nord-Westphalie Düsseldorf
82%
N Bavière Nuremberg
80%
S Bade-Wurtemberg Stuttgart
79%
H Basse-Saxe Hanovre
77%
D Saxe Dresde
75%
E Rhénanie-du-Nord-Westphalie Essen
75%
M Bade-Wurtemberg Mannheim
61%
M Rhénanie-Palatinat Mayence
57%
A Bavière Augsbourg
55%
B Rhénanie-du-Nord-Westphalie Bochum
55%
B Rhénanie-du-Nord-Westphalie Bonn
55%
K Schleswig-Holstein Kiel
52%
D Rhénanie-du-Nord-Westphalie Duisbourg
46%
B Rhénanie-du-Nord-Westphalie Bielefeld
45%
A Rhénanie-du-Nord-Westphalie Aix-la-Chapelle
43%
G Rhénanie-du-Nord-Westphalie Gelsenkirchen
39%
R Mecklembourg-Poméranie-Occidentale Rostock
39%
K Bade-Wurtemberg Karlsruhe
38%
W Rhénanie-du-Nord-Westphalie Wuppertal
38%
L Rhénanie-du-Nord-Westphalie Leverkusen
36%
P Brandebourg Potsdam
36%
S Sarre Sarrebruck
34%
E Thuringe Erfurt
32%
M Rhénanie-du-Nord-Westphalie Münster
32%
M Rhénanie-du-Nord-Westphalie Mönchengladbach
30%
W Hesse Wiesbaden
23%
C Saxe Chemnitz
21%
H Bade-Wurtemberg Heidelberg
21%
L Schleswig-Holstein Lübeck
21%
M Saxe-Anhalt Magdebourg
21%
F Bade-Wurtemberg Fribourg-en-Brisgau
16%
B Basse-Saxe Brunswick
13%
O Basse-Saxe Oldenbourg
13%
O Basse-Saxe Osnabrück
13%
L Rhénanie-Palatinat Ludwigshafen
11%
C Hesse Cassel
9%
O Rhénanie-du-Nord-Westphalie Oberhausen
9%
H Saxe-Anhalt Halle-sur-Saale
5%
H Rhénanie-du-Nord-Westphalie Hagen
4%
H Rhénanie-du-Nord-Westphalie Hamm
4%
K Rhénanie-du-Nord-Westphalie Krefeld
4%
M Rhénanie-du-Nord-Westphalie Mülheim
4%
Aucun quiz correspondant
Distribution des résultats
% des personnes avec chaque résultat
Percentile par nombre de réponses
Votre historique - résultats
Vous n’avez pas pris ce quiz